Cantar de Mio Cid: texto, gramática y vocabulario
Uloženo v:
| Médium: | Kniha |
|---|---|
| Jazyk: | španělština |
| Vydáno: |
Madrid
Espasa-Calpe
1954
|
| Témata: | |
| Tagy: |
Přidat tag
Žádné tagy, Buďte první, kdo vytvoří štítek k tomuto záznamu!
|
MARC
| LEADER | 00000nam a2200000 a 4500 | ||
|---|---|---|---|
| 001 | UCX6698 | ||
| 003 | CL-VaPUC | ||
| 008 | 930805e19540000SP |||||||||||||||||spa|d | ||
| 082 | 0 | 4 | |a 861.09 |b MEN |2 21 |
| 245 | 1 | 0 | |a Cantar de Mio Cid: texto, gramática y vocabulario |
| 300 | |a 3 v | ||
| 942 | |c BK | ||
| 945 | |d 19930805 00:00:00 |a rbrito | ||
| 260 | |a Madrid |b Espasa-Calpe |c 1954 | ||
| 500 | |a v.1: Crítica del texto, gramática | ||
| 500 | |a v.3: Vocabulario | ||
| 500 | |a v.4: Texto del cantar y adiciones | ||
| 650 | 0 | |a Poesía épica española |9 268761 | |
| 650 | 0 | |a Historia y crítica |9 257407 | |
| 583 | |a last modification |c 19930805 00:00:00 |k Rodrigo Vera | ||
| 999 | |c 226679 |d 226677 | ||
| 952 | |0 0 |1 0 |4 0 |6 861_090000000000000_MEN_1954 |7 0 |8 A |9 225213 |a FDOPOS |b FDOPOS |d 2019-11-15 |h v.1 |i 2939215 |o 861.09 MEN 1954 |p 2939215 |r 2025-01-22 |w 2019-11-15 |y BK |k MLH | ||
| 952 | |0 0 |1 0 |4 0 |6 861_090000000000000_MEN_1954 |7 0 |8 A |9 225214 |a BIBEDU |b BIBEDU |d 2019-11-15 |h v.2 |i 2939223 |l 2 |o 861.09 MEN 1954 |p 2939223 |r 2023-10-24 |s 2023-10-24 |w 2019-11-15 |y BK |k LIT | ||
| 952 | |0 0 |1 0 |4 0 |6 861_090000000000000_MEN_1954 |7 0 |8 A |9 225216 |a BIBEDU |b BIBEDU |d 2019-11-15 |h v.1 |i 2935422 |o 861.09 MEN 1954 |p 2935422 |r 2019-11-15 |w 2019-11-15 |y BK |k LIT | ||
| 952 | |0 0 |1 0 |4 0 |6 861_090000000000000_MEN_1954 |7 0 |8 A |9 225217 |a BIBEDU |b BIBEDU |d 2019-11-15 |h v.3 |i 2935430 |l 1 |o 861.09 MEN 1954 |p 2935430 |r 2023-10-24 |s 2023-10-24 |w 2019-11-15 |y BK |k LIT | ||